| 000 | 00804nam a22002651 4500 | ||
|---|---|---|---|
| 001 | 29060 | ||
| 003 | BD-RjUL | ||
| 005 | 20211209051351.0 | ||
| 008 | 140402s1961 nyua b 001 0 eng | ||
| 035 | _a(BD-RjUL)29145 | ||
| 035 | _a(OCoLC)2662668 | ||
| 040 |
_aDLC _cIDeKN _dOCoLC _dODaWU _dOClW-H _dUk _dDLC _dBD-RjUL _beng |
||
| 041 | _aeng | ||
| 082 |
_a155.2 _bLAA 1961 |
||
| 100 | 1 |
_aLazarus, Richard S. _988679 |
|
| 245 | 1 | 0 |
_aAdjustment and personality / _cRichard S Lazarus |
| 260 |
_aNew York : _bMcGraw-Hill, _cc1961. |
||
| 300 |
_axiii, 503 p. : _bill. ; _c24 cm. |
||
| 504 | _aIncludes bibliography and index. | ||
| 650 | 0 |
_aPersonality. _988777 |
|
| 650 | 0 |
_aAdjustment (Psychology) _9165398 |
|
| 942 |
_2ddc _cBK |
||
| 999 |
_c29060 _d29060 |
||